Japan faces China : Political and economic relations in the postwar era
Zapisane w:
| 1. autor: | |
|---|---|
| Format: | Książka |
| Język: | Undetermined |
| Wydane: |
Baltimore
Johns Hopkins University Press
1976
|
| Hasła przedmiotowe: | |
| Etykiety: |
Dodaj etykietę
Nie ma etykietki, Dołącz pierwszą etykiete!
|
| Thư viện lưu trữ: | Trung tâm Học liệu Trường Đại học Cần Thơ |
|---|
| LEADER | 00587nam a2200205Ia 4500 | ||
|---|---|---|---|
| 001 | CTU_107973 | ||
| 008 | 210402s9999 xx 000 0 und d | ||
| 020 | |c 68000 | ||
| 082 | |a 327.52 | ||
| 082 | |b L477 | ||
| 100 | |a Lee, Chae-Jin | ||
| 245 | 0 | |a Japan faces China : | |
| 245 | 0 | |b Political and economic relations in the postwar era | |
| 245 | 0 | |c Chae-Jin Lee | |
| 260 | |a Baltimore | ||
| 260 | |b Johns Hopkins University Press | ||
| 260 | |c 1976 | ||
| 650 | |a Quan hệ kinh tế quốc tế | ||
| 904 | |i M.Loan | ||
| 980 | |a Trung tâm Học liệu Trường Đại học Cần Thơ | ||